| 000 | 00506nam a22001817a 4500 | ||
|---|---|---|---|
| 999 |
_c20281 _d20281 |
||
| 003 | BDDh-ASL | ||
| 005 | 20231015025852.0 | ||
| 008 | 201229n ny ||||| |||| 00| 0 eng d | ||
| 040 | _cBDDh-ASL | ||
| 082 |
_a297.1 _bDEM |
||
| 100 | 1 |
_92632 _aDermenghem, Emile |
|
| 245 | 1 | 0 | _aMen of Muhammad and the Islamic Tradition / |
| 260 |
_aNew York: _bHarper & Brothers, |
||
| 300 |
_a191 p.: _c18 cm. |
||
| 504 | _aInclude Bibliographical References and Index | ||
| 650 | 0 |
_91652 _aIslam |
|
| 942 |
_2ddc _cBK |
||